Principles of Economics

-д хадгалсан:
Номзүйн дэлгэрэнгүй
Үндсэн зохиолч: N. Gregory Mankiw
Формат: Ном
Хэвлэсэн: cengage
Нөхцлүүд:
Шошгууд: Шошго нэмэх
Шошго байхгүй, Энэхүү баримтыг шошголох эхний хүн болох!

MARC

LEADER 00000nam a2200000Ia 4500
005 20260427112725.0
526 |b Economics 
100 |a N. Gregory Mankiw 
020 |a 9789366604770 
650 |a General Economics 
526 |a Bachelors 
942 |c BK 
245 |a Principles of Economics 
260 |b cengage 
999 |c 117  |d 117 
952 |0 0  |1 0  |4 0  |7 0  |8 1  |a BRISTOL  |b BRISTOL  |d 2026-04-22  |l 0  |p 000019  |r 2026-04-27 11:27:26  |w 2026-04-27  |y BK